000 00276nam a2200097Ia 4500
082 _a959.6042 BERG
245 0 _aThe Khmer Rouge and the Cambodian genocide
100 _a Bergin, Sean New York, 2009 1st ed
942 _cBK
008 210817s9999 xx 000 0 und d
999 _c254064
_d254063